Random Movie Quotes - Statistics

General Stats
  • This quiz has been taken 400 times
  • The average score is 3 of 20
Answer Stats
Hint Answer % Correct
"There's no crying in baseball!" A League of Their Own
69%
"Not the bees! Not the bees! Aaaaahhhhh! Oh, they're in my eyes! My eyes! Aaaahhhh! Aaaaagghhh! The Wicker Man
33%
"Oh my god, Karen! You can't just ask people why they're white!" Mean Girls
31%
"I know kung fu." The Matrix
25%
"Put the bunny back in the box." Con Air
21%
"Let off some steam, Bennett." Commando
17%
"I hate to disappint you, but...rubber lips are immune to your charms." Batman & Robin
15%
"I'm gonna give you a little somethin' you can't take off." Inglorious Basterds
15%
"Why are you wearing that stupid man suit?" Donnie Darko
14%
"I don't like sand. It's coarse and rough and irritating and it gets everywhere." Star Wars Episode II
14%
"They're eating her.....and then they're going to eat me! Oh my Goooooooooood! Troll 2
10%
"Meet me in Montauk." Eternal Sunshine of the Spotless Mind
7%
"I met this six-year-old child with this blank, pale, emotionless face, and the blackest eyes; the devil's eyes." Halloween
7%
"Guns kill. And you don't have to be a gun. You are what you choose to be." The Iron Giant
5%
"I call that bold talk for a one-eyed fat man!" True Grit
5%
"Travesty. Horror. Decadence. Excrement." Dead Poets Society
4%
"While you were still learning how to spell your name, I was being trained to conquer galaxies!" Battlefield Earth
3%
"F*** you! That's my name!" Glengarry Glen Ross
3%
"Just a country where the thunder goes and things disappear." Breakfast at Tiffany's
1%
"Madam, you are a cock-eyed liar." His Girl Friday
1%
No matching quizzes found
Score Distribution
Percent of People with Each Score
Percentile by Number Answered
Your Score History
You have not taken this quiz